| 000 | 00960nam a2200337 a 4500 | ||
|---|---|---|---|
| 003 | AR-BaBNM | ||
| 005 | 20251128203312.0 | ||
| 008 | 082120s2002 ||||||||||||||000 | spa|| | ||
| 020 | _a950-525-101-7 | ||
| 040 | _cAR-BaBNM | ||
| 100 | 1 | _aGuillot, Ana | |
| 245 | 0 | 0 | _aEl taller de escritura en el ámbito escolar |
| 250 | _a1ª ed. | ||
| 260 |
_aBuenos Aires _bStella _c1989 |
||
| 300 | _a63 p. | ||
| 490 | 0 |
_aCuadernos pedagógicos _vv. 10 |
|
| 500 | _aContiene referencias bibliográficas | ||
| 650 | 4 | _aTALLERES [METODO PEDAGOGICO] | |
| 650 | 4 | _aOBJETIVOS EDUCACIONALES | |
| 650 | 4 | _aMETODOS DE ENSEÑANZA | |
| 650 | 4 | _aENSEÑANZA DE LA ESCRITURA | |
| 650 | 4 | _aDIAGNOSTICO EDUCACIONAL | |
| 650 | 4 | _aCREATIVIDAD | |
| 650 | 4 | _aPROCESO DEL PENSAMIENTO | |
| 650 | 4 | _aEXPRESION ORAL | |
| 653 | _aENSENANZA DE LA LENGUA | ||
| 653 | _aENSEÑANZA DE LA LITERATURA | ||
| 700 | 1 | _aAguirre Saravia, Mercedes | |
| 942 | _cBK | ||
| 998 | _cMarce | ||
| 999 |
_c2793 _d2793 |
||